[Event "Rohde op 07th"]
[Site "Sautron"]
[Date "2007.11.03"]
[Round "9"]
[White "Malakhatko, Vadim"]
[Black "Edouard, Romain"]
[Result "1/2-1/2"]
[WhiteElo "2603"]
[BlackElo "2472"]
[Annotator "Primel,D"]
[PlyCount "120"]
[EventDate "2007.10.27"]
[EventType "swiss"]
[EventRounds "9"]
[EventCountry "FRA"]
[SourceTitle "EXT 2008"]
[Source "ChessBase"]
[SourceDate "2007.11.25"]
[SourceVersion "1"]
[SourceVersionDate "2007.11.25"]
[SourceQuality "1"]

1. c4 c5 2. Nf3 Nc6 3. Nc3 e5 {[%csl Gd4,Rd5]} 4. g3 (4. e3 {Malakhatko,V 
(2603)-Zozulia,A (2343) Rohde op 7th 2007 (5.4) 1-0}) 4... g6 5. Bg2 Bg7 6. d3
Nge7 $1 {[%csl Gd4] Une variante trés solide pour les noirs et qui donne des
bons résultats face au système blanc assez peu ambitieux} 7. Nd2 (7. O-O {
La ligne principale}) 7... d6 8. Nf1 O-O ({RR} 8... Rb8 9. Ne3 a6 10. Ned5 Nxd5
({RR} 10... O-O 11. a4 Nxd5 12. Nxd5 Bd7) 11. Nxd5 O-O 12. h4 h5 13. Bg5 f6 14.
Bd2 b5 15. b3 Ne7 16. O-O Nxd5 17. Bxd5+ Kh7 18. a4 b4) 9. Ne3 Be6 10. Ned5 Qd7
{[%cal Ge6h3]} 11. h4 ({RR} 11. Qa4 Rab8 12. O-O a6 13. Rb1 b5 14. Nxe7+ Qxe7
15. Qd1 Qd7 16. Nd5 Bh3 17. b3 Bxg2 18. Kxg2 f5 19. f4 e4 20. Bb2 Rbe8) ({RR} 
11. O-O Rab8 ({RR} 11... Bh3 12. Rb1 Rab8 13. Qa4 Nxd5 14. cxd5 Nd4 15. Qxd7
Bxd7 16. e3 Nb5 17. Ne4 Bf5 18. Bd2 Nc7 19. b4 b6 20. Rb3 Rbd8) 12. Bg5 f6 13.
Bd2 h6 14. a3 Kh7 15. b4 Bh3 16. Qa4 Nxd5 17. cxd5 Nd4 18. Qxd7 Bxd7 19. Rfb1
cxb4 20. axb4 Rfc8) 11... h5 12. Bg5 f6 13. Bd2 Rab8 {[%cal Ga7a6,Gb7b5,Gb5b4]}
14. Rb1 a6 15. Qa4 Kh7 (15... b5 $1 $146 {[%cal Gb5a4,Ge7d5] Pourquoi ne pas
profiter de la position de Qa4 pour gagner un tempo? Ce qui est encore
encourageant pour le joueur humain, c'est de voir que 15. b5 n'est proposé ni
par Fritz10 ni par Rykba} 16. Nxe7+ (16. cxb5 $6 axb5 17. Nxb5 (17. Qc2 b4 $36
{[%cal Ge7d5,Ge6d5]})) (16. Qd1) (16. Qxa6 bxc4 (16... b4 17. Nb5 {[%csl Ra6]}
Rfd8 18. O-O Ra8) 17. Qxc4 (17. dxc4 Nd4 $44 {[%csl Ra6]}) 17... Kh7) 16...
Nxe7 $1 {[%cal Gd7a4,Ge7d5]} 17. Qxa6 {semble assez risqué car la Q est
hors-jeu} bxc4 18. dxc4 Bf5 $1 {[%cal Gf5b1] Provoque l'affaiblissement de la
case d4 après e4 et la fermeture de la diagonale "a8 h1" afin de permettre de
jouer Ra8} 19. e4 {[%csl Rd4,Gg2][%cal Gb8a8]} (19. Rc1 Rxb2) (19. Rd1 Rxb2 (
19... Bc2 20. Rc1 Rxb2 $15 {[%csl Re1]} 21. Nb5 {[%cal Gb5d6]} Bf5 {[%cal
Gb2d2]} 22. Bc3 Rc2 23. Rxc2 Bxc2 24. Nxd6 $2 (24. O-O d5 $132 {[%csl Ge5]})
24... Rd8)) 19... Be6 20. O-O (20. a3 Rb3 $1 $132 {[%csl Ra6,Rb2][%cal Gf8b8]})
20... Ra8) 16. Nxe7 Nxe7 ({RR} 16... Qxe7 17. Bxc6 bxc6 18. Qxc6) 17. Qxd7 Bxd7
18. b4 cxb4 ({RR} 18... b6 19. b5 a5) 19. Rxb4 b5 ({RR} 19... Bc6 20. O-O) 20.
cxb5 axb5 $146 ({RR} 20... Bxb5 21. Nxb5 axb5 22. O-O Rfc8 23. Rfb1 Nc6 ({RR} 
23... Rc2 24. R1b2 Rxb2 25. Rxb2) 24. R4b2 ({RR} 24. Rxb5 Rxb5 25. Rxb5 Nd4) ({
RR} 24. Bxc6 Rxc6 25. a4 ({RR} 25. Rxb5 Rxb5 26. Rxb5 Rc2)) 24... f5 25. Bxc6
Rxc6 26. a4 e4 27. Rxb5 Ra8 28. Rb7 ({RR} 28. a5) 28... Rc2 ({RR} 28... Rxa4
29. Rd7 Ra8 30. Rbb7 Rg8 31. Be3) 29. Be3 Rxe2 30. dxe4 ({RR} 30. Bd4 Rg8 31.
dxe4 Rxe4 32. Rxg7+ Rxg7 33. Bxg7 Kxg7 34. Ra1) 30... Kg8 ({RR} 30... fxe4 31.
Bd4 Rg8 32. Re7 Rd2 33. Bc3 Rc2 34. Bf6) 31. Rb8+ Rxb8 32. Rxb8+ Kh7 33. a5 Ra2
34. Ra8 ({RR} 34. Rb7 Kg8 35. exf5 gxf5 36. Rb5) 34... fxe4 35. a6 {Popov,V 
(2579)-Maksimenko,A (2523)/Chalkidiki 2002/CBM 092/[Ribli]/1-0 (39)}) 21. O-O
Bh6 22. e3 Bf5 23. Be4 Be6 {[%cal Ge6a2]} 24. Nxb5 (24. Rxb5 d5 $11) 24... d5
$1 25. Nc7 $1 Bh3 26. Bg2 Bxg2 27. Kxg2 Rfc8 {[%cal Gc8c2]} 28. Ne6 (28. Rxb8 {
[%csl Ga2] Le GMI estimait probablement avoir trop peu de chances de gain а
cause de la faiblesse de la 2ème rangée.} Rxb8 {[%cal Gb8b2]} 29. Bc3 d4 $1 30.
exd4 Rc8 {[%cal Gc8c3]} 31. Ba5 exd4 {[%csl Gh6][%cal Ge7d5]}) 28... d4 {
[%cal Gh6d2]} (28... Nf5) 29. Rfb1 {[%cal Gb4b8]} dxe3 $1 30. Bxe3 Rxb4 31.
Rxb4 Bxe3 32. Rb7 Rc2 $1 (32... Re8 $143 33. fxe3 {[%csl Re7,Rh7]} Kg8 34. Kf3
$16) 33. Rxe7+ Kh8 (33... Kh6 $4 34. Nf8 {[%cal Ge7h7]}) 34. Kf3 Bb6 35. Rb7
Bxf2 36. Nf8 g5 37. Ke4 Bxg3 38. Kf5 (38. hxg5 fxg5 {[%cal Gh5h1]}) 38... gxh4
{[%cal Gh4h1] evite l'échange du B} (38... Bxh4 39. Nh7 $1 {[%cal Gh7f6]} g4
40. Kg6 $1 {[%cal Gb7b8]} Rc8 41. Kxh5 Bg5 42. Nxg5 fxg5 43. Kxg4 Rd8 44. Kxg5
Rxd3 45. a4 e4 (45... Ra3 $2 46. Kg6 {[%csl Rh8][%cal Gb7b8]}) 46. a5 e3 47.
Re7 Rd5+ 48. Kg6 Rd6+ 49. Kf5 Rd5+ 50. Kf4 Rxa5 $11) 39. Nd7 e4 $1 40. Nxf6 (
40. Kxe4 Kg7 41. Kf5 $2 Bc7 $17 {[%cal Gh4h1]}) 40... Rc7 (40... Bc7 41. Kg6
Rg2+ 42. Kxh5 Rg7 43. Ne8 (43. Kxh4 Bg3+ {[%cal Gg7b7]}) 43... Rh7+) 41. Rb8+
Kg7 42. Ne8+ {[%cal Ge8g7,Ge8c7]} Kf7 43. Nxc7 e3 $8 {Une position étonnante:
Le GMI a une R de plus mais les P passés sont forts même isolés} (43... exd3
44. Rb7 d2 45. Ne6+ Ke8 46. Ng7+ Kd8 47. Rb1 $18 {[%cal Gb1d1,Gd1d2]}) 44. Rb2
h3 45. Ne6 h2 46. Ng5+ Ke7 47. Rb7+ Kd8 48. Rb1 e2 49. Nf3 e1=Q 50. Rxe1 Bxe1
51. Nxh2 Kd7 52. Nf3 Bf2 53. Kg5 Kc6 54. Kxh5 Kc5 55. a3 Be3 56. Kg4 Bc1 57. a4
Kb4 {Romain tient la nulle!} 58. d4 Bb2 59. d5 Kc5 60. a5 Kxd5 {[%mdl 4360]}
1/2-1/2

[Event "EU-Cup 02nd final"]
[Site "Bad Lauterberg "]
[Date "1979.11.25"]
[Round "5.2"]
[White "Smyslov, Vassily V"]
[Black "Timman, Jan H"]
[Result "1/2-1/2"]
[WhiteElo "2560"]
[BlackElo "2625"]
[Annotator "Primel,D"]
[PlyCount "60"]
[EventDate "1979.11.23"]
[EventType "team-match"]
[EventRounds "2"]
[EventCountry "GER"]
[SourceTitle "EXT 2012"]
[Source "ChessBase"]
[SourceDate "2011.11.24"]
[SourceVersion "1"]
[SourceVersionDate "2011.11.24"]
[SourceQuality "1"]
[WhiteTeam "Burevestnik"]
[BlackTeam "Rotterdam Volmac"]
[WhiteTeamCountry "URS"]
[BlackTeamCountry "NED"]

1. Nf3 c5 2. g3 Nc6 3. c4 g6 4. Bg2 Bg7 5. O-O e6 6. e3 Nge7 7. Nc3 Nf5 (7...
O-O) 8. b3 d5 $1 $146 {Curieusement, ce coup ne semble pas avoir rejoué dans
une autre partie alors que les Noirs ont un bon jeu.} (8... O-O {Kholmov,
R-Suetin,A Moscow-ch 1970 0-1}) 9. cxd5 exd5 10. Bb2 O-O 11. Na4 Bxb2 12. Nxb2
b6 13. d3 (13. d4 cxd4 14. Nxd4 Nfxd4 15. exd4 Re8 16. Nd3 (16. Rc1) 16... Nxd4
17. Nf4 {[%cal Gf4d5]}) 13... Ba6 $132 14. Qe2 Qf6 15. Rfc1 Rac8 16. Nd1 Rfe8 {
[%cal Gc6d4,Gf5d4]} 17. Ne1 Bb7 (17... Qe6 {[%cal Ge6d5]}) 18. Qb2 Qxb2 (18...
d4 $5 19. e4 Nd6 {[%cal Gc6e5]} (19... Qe7 {[%cal Ge7e1]} 20. f4 {[%cal Ge1f3]}
Nd6 21. Nf3 Nb5 {[%csl Rc3]}) 20. f4 {[%cal Ge4e5]} Qe7) 19. Nxb2 Rc7 20. Nc2 (
20. Bxd5 Rd8 21. Be4 Nd6 22. Bg2 Kg7 23. Nc4 {[%csl Gc4]}) 20... Ree7 (20... d4
21. Bxc6 Bxc6 22. exd4 Nxd4 23. Nxd4 cxd4 24. Nc4 Bd5 $15 {[%csl Rd3,Gd5]}) 21.
Rab1 Kg7 22. Nd1 a5 (22... d4) (22... Ne5 {[%cal Gb7d5,Ge5d3]}) 23. a3 d4 24.
Bxc6 Bxc6 25. e4 Nd6 26. f3 (26. f4) 26... Bb5 {[%csl Rd3]} 27. Nb2 (27. Nf2)
27... Ba6 28. a4 f5 29. Nc4 fxe4 30. fxe4 Nf7 1/2-1/2

[Event "Palma de Mallorca FIDE GP"]
[Site "Palma de Mallorca"]
[Date "2017.11.19"]
[Round "4"]
[White "Eljanov, Pavel"]
[Black "Jakovenko, Dmitrij"]
[Result "0-1"]
[WhiteElo "2707"]
[BlackElo "2721"]
[Annotator "Quintiliano,R"]
[PlyCount "158"]
[EventDate "2017.11.16"]
[EventType "swiss"]
[EventRounds "9"]
[EventCountry "ESP"]
[SourceTitle "CBM 182"]
[Source "ChessBase"]
[SourceDate "2018.01.17"]
[SourceVersion "1"]
[SourceVersionDate "2018.01.17"]
[SourceQuality "1"]

1. c4 c5 2. g3 g6 3. Bg2 Bg7 4. Nc3 Nc6 5. Nf3 d6 6. a3 {White looks for early
activity on the queenside.} e6 {Jakovenko opts for a flexible setup.} (6... e5
{is another configuration for Black, and}) (6... a5 {is also possible}) 7. b4
$1 {There's no need of further preparations.} Nge7 (7... cxb4 $2 8. axb4 Nxb4 {
gives too much compensation for White in development} 9. Ba3 Nc6 10. Nb5 $1 Bf8
$8 11. Bb2 f6 (11... e5 12. d4 $1) 12. O-O a6 13. Nc3 Bg7 14. d4 $16 {[%cal
Gd4d5]}) 8. O-O O-O 9. Bb2 $6 {Now Black is better developed and Jakovenko
accepts the pawn. Honestly, I don't see any reason for Eljanov to allow this.}
(9. Rb1 {transposes to a well known position that Eljanov has played in the
past} b6 10. e3 (10. Bb2 $5 {With the diagonal opened, this move is interesting
} cxb4 11. axb4 Nxb4 12. Nd4 $44 {Kovalenko,I (2680)-Svidler,P (2751) Tallinn
Keres Memorial rapid 2016 (10) 1-0}) 10... Bb7 11. Qb3 ({Some interesting
games went} 11. Qe2) 11... Qd7 12. Bb2 Ne5 $1 {forcing many exchanges, Black
equalises without any particular trouble} 13. Nxe5 Bxe5 14. Bxb7 Qxb7 15. Nb5
Bxb2 16. Qxb2 Rfd8 17. Qf6 Rac8 $11 {Eljanov,P (2718)-Dominguez Perez,L (2746)
Capablanca Memorial Elite 50th 2015 (4) 1/2}) 9... cxb4 $1 {Jakovenko does not
fear ghosts, and accepts the challenge.} 10. axb4 Nxb4 {Ok, White has some
compensation in such positions, but Black's development is not really
disturbed or difficult, so I don't think that this idea is going to attract
new followers.} 11. Qb3 (11. Ba3 {looks more principled} Nec6 12. d4 a5 13. e3
Re8 $1 {and Black is ok, for example} 14. Qb3 {[%cal Yd4d5]} d5 15. Nd2 Rb8 $1
{and Black returns the pawn to get a favourable endgame} 16. cxd5 exd5 17. Bxd5
$6 (17. Nxd5 $2 Be6 {[%csl Rd5]}) (17. Bxb4 Nxb4 18. Bxd5 Nxd5 19. Qxd5 b6 $15
{[%csl Ya5,Yb6]}) (17. Rfc1 Be6 $17) 17... Nxd5 18. Qxd5 Nb4 $1 {Now White
should be careful} 19. Qxd8 Rxd8 20. Bxb4 $6 axb4 21. Na2 $2 (21. Ne2 $142 Bf5
22. Ra4 Bd3 23. Re1 Ra8 $17 {[%cal Ya8a2]}) 21... Bf5 $1 22. Nxb4 Bxd4 $1 23.
exd4 Rxd4 $17 {[%csl Gb4,Gd2]}) (11. d4 {probably transposes after} a5 12. Ba3
Nec6 13. e3 Re8) 11... Nec6 12. Nb5 {I think this exchange just makes
Jakovenko's task easier.} (12. d4 $5 {keeping pieces on the board looks better.
}) 12... Bxb2 13. Qxb2 a6 (13... a5 {[%cal Yb7b6,Yc8a6] was also good.}) 14.
Nbd4 (14. Nfd4 $5 Rb8 15. Nxc6 bxc6 16. Qxb4 cxb5 $15) 14... Rb8 {Jakovenko
continues his development undisturbed.} 15. Nxc6 Nxc6 (15... bxc6 $5 {[%cal
Yb8b1]}) 16. Rfb1 b5 $15 {White's opening has clearly failed, and Black is a
healthy pawn up.} 17. cxb5 Rxb5 18. Qc3 Qb6 19. Rxb5 (19. Rc1 {is not better}
Bb7 20. Qf6 e5 $1 21. Qxd6 $2 Rd8 22. Qa3 e4 23. Ne1 Rxd2 $17) 19... axb5 20.
Qf6 Bd7 21. Qf4 (21. h4 {[%cal Yh4h5,Yh5h6]} Qc5 22. Ng5 d5 23. h5 Qd4 $1 24.
Qxd4 Nxd4 $17) 21... d5 22. h4 Qb8 {To trade the queens would eliminate any
chances of activity for White.} 23. Qh6 f6 $1 {Stopping the threat of Ng5.} 24.
Qe3 (24. h5 $2 g5 $1 {[%csl Rh6] and the queen is trapped on h6.}) 24... Ne5 $6
{Jakovenko aims for simplification, but then White obtains nice chances in the
endgame.} ({The direct} 24... b4 {was very good} 25. Nd4 Nxd4 26. Qxd4 b3 27.
Rb1 Qb5 $1 28. Qc3 (28. Bf1 e5 29. Qc3 Rb8 30. e4 Qb4 $1 31. exd5 b2 $19) 28...
Qxe2 29. Rxb3 Rc8 30. Qb2 (30. Qxf6 $4 Qd1+ {[%csl Rb3]}) 30... Qd1+ 31. Kh2
Qc2 $17) 25. Nxe5 Qxe5 26. Qxe5 fxe5 27. Ra7 {White has chances now due to his
activity and Black's pawns being fixed on light squares.} Rd8 28. e3 {[%cal
Ya7b7,Yg2f1]} Be8 $1 {The best way to reorganise the pieces against White's
threats.} 29. Bh3 (29. Rb7 Ra8 30. Bh3 (30. Bf1 Ra1 31. Kg2 Rb1) 30... Ra6 {
would transpose to the game.}) 29... Rd6 30. Rb7 (30. Re7 Kf8 $1 31. Rxe6 Rxe6
32. Bxe6 Bf7 {[%csl Yb5] gives a much better endgame for Black} 33. Bd7 b4 34.
Ba4 d4 $1 35. exd4 exd4 36. Kf1 b3 37. Ke2 b2 38. Bc2 Ba2 $19) 30... Ra6 $1 {
The rook should be as active as possible.} 31. d4 (31. f4 $5) 31... exd4 32.
exd4 h5 {An interesting moment.} 33. Bf1 $2 {This allows Black to keep the
material advantage in an easier position.} ({Instead} 33. f4 {would had
offered better chances, simply because it is not clear if Black can keep on
improving the position without taking risks, for example} Kf8 34. Kf2 Bc6 (
34... Ra2+ 35. Ke3 Ra3+ 36. Kf2 Rd3 37. Bxe6 Rxd4 38. Bd7 $1 Bxd7 39. Rxd7 b4
40. Ke2 $1 {with good chances in the rook endgame}) 35. Rh7 b4 (35... Be8 36.
Rb7) 36. Bxe6 b3 37. f5 $1 gxf5 (37... b2 $4 38. f6 {[%csl Rf8][%cal Rh7h8]})
38. Rxh5 b2 (38... Be8 39. Rxf5+ Kg7 40. Bxd5 b2 41. Be4 $11) 39. Bxf5 {
and again White has good chances to hold the draw.}) 33... Ra1 34. Kg2 Rd1 {
The trade of the b5 for the d4-pawn looks good for Black, as the b5-pawn is a
constant target for White.} 35. Bxb5 Bf7 $1 {I think this is a very
instructive moment in the game, when Jakovenko made the best practical
decision. Certainly Black would like to get rid of his bad bishop, but this
would allow White to put the rook on the 7th rank with good drawing chances.
So he kept the bishop alive, planning to trade it later under better
circumstances.} 36. f4 Rxd4 37. Kf2 Rb4 38. Bc6 Rc4 $1 {Again correctly
avoiding exchanges, as White can't be sure about the bishop ending, and with
rooks there are more practical possibilities.} (38... Rxb7 39. Bxb7 Kg7 40. Ke3
Kf6 41. Ba6 e5 42. fxe5+ Kxe5 43. Bd3 d4+ 44. Kf2 {and it is not even clear if
Black's advantage is enough to win this endgame.}) 39. Bb5 Rc3 40. Ra7 Kf8 41.
Rb7 Ra3 42. Bc6 Ra6 43. Bb5 Ra8 44. Bc6 Rc8 45. Rb6 $2 {Allowing Black to
transpose into a winning rook endgame.} (45. Bb5 $142 {Black can improve the
king now by} Kg7 46. Ke3 Kf6 {but after} 47. Bd3 Be8 48. Rb6 $15 {White has
built a decent fortress.}) 45... Ke7 46. Ke3 Be8 $1 {This is clearly a better
moment to exchange this bishop, as Black's king is much better placed.} 47.
Bxe8 Rxe8 48. Kf3 Rc8 $17 49. Rb3 Kf6 50. Rd3 Rc5 $1 {This move is difficult
to understand, but when you realise it, its force becomes obvious.} 51. g4 $8 {
Any other move would make White's position even worse.} (51. Ra3 d4 {[%cal
Gc5c3]} 52. Ra8 Rc3+ 53. Kf2 d3 54. Rd8 Kf5 {[%cal Yf5e4,Yf5g4]} 55. Ke3 d2+ $1
56. Kxd2 Rxg3 57. Rf8+ Ke4 58. Rf6 e5 59. fxe5 Kxe5 60. Ra6 Kf5 61. Ke2 Rg4 $19
) (51. Kf2 Kf5 52. Kf3 Rb5 $22 53. Ke3 Rb4 54. Kf3 d4 $22 55. Ra3 Rb5 $1 {
[%cal Gb5d5]} 56. Rd3 Rd5 $22 {White's defences are always destroyed by
zugzwang ideas} 57. Rd1 (57. Ke2 Ke4 58. Ra3 Rb5 {[%cal Gb5b2]} 59. Ra2 Rb3 $19
) 57... d3 58. Rd2 e5 59. fxe5 Kxe5 60. Ke3 Kf5 61. Kf3 Rd6 $22 62. Ke3 Kg4 63.
Kf2 Rf6+ $19 {[%cal Gf6f3]}) 51... hxg4+ 52. Kxg4 {[%csl Rf4,Rh4] As well as
being a pawn down, White now has weak pawns on the kingside. The fight is
essentially over. Let's just enjoy Jakovenko's patient technique.} Rc8 (52...
Rc4 53. Rd2 (53. Ra3 e5 54. Ra6+ Ke7 $1 55. Ra7+ Kd6 56. Ra6+ Kc7 $1 57. Kg5
Rxf4 58. Kxg6 d4 59. h5 d3 $19) 53... Re4 54. Rd3 d4 $19 {[%cal Ge6e5]}) 53.
Rh3 Rh8 (53... Rc4 $1) 54. Rd3 Rd8 55. Kf3 {It was just a matter of time until
Black's king reached the f5-square.} (55. Rd4 Rd7 56. Rd3 d4 $22 57. Kf3 Kf5)
55... Kf5 56. Ra3 Rc8 {[%cal Rc8c4]} 57. Re3 $8 Rh8 $1 {Jakovenko doesn't rush,
but instead forces Eljanov to disrupt his forces.} 58. Re5+ Kf6 59. Kg4 d4 {
Now this advance forces White to go back with his pieces.} 60. Re2 d3 61. Rd2
Rd8 62. Kf3 Kf5 63. Ke3 Rd6 64. Kf3 Rd7 65. Ke3 Rd8 66. Kf3 Rh8 $1 {This rook
swings from one side to the other, always causing problems for White.} 67. Rh2
(67. Rxd3 Rxh4 $19 {[%csl Rf4]}) 67... d2 $1 {The pawn advances bravely,
taking advantage of the variation in the previous note.} 68. Ke2 (68. Rxd2 Rxh4
{[%csl Rf4]} 69. Rd4 g5 $19) 68... Rd8 69. Kd1 Kxf4 $19 70. h5 (70. Rf2+ Ke5
71. Rg2 Kf6 72. Rf2+ Kg7 73. Re2 Rd6 74. Re4 Kf6 75. Rf4+ Ke7 76. Re4 Rd5 $19 {
[%cal Ge6e5,Ge7f6]}) 70... gxh5 71. Rxh5 e5 72. Rh4+ Kf3 73. Rh3+ Kg4 74. Re3
Kf4 75. Re2 e4 76. Rf2+ {The last detail: The pawn ending is also losing for
White.} (76. Rxd2 Rxd2+ 77. Kxd2 Kf3 78. Ke1 Ke3 $19) 76... Kg3 77. Re2 Kf3 78.
Rh2 e3 79. Rh3+ Kf2 {Although the opening and middlegame were just fine with a
pawn up for Black, Eljanov had real chances with the rook active on the 7th
rank, and latter by avoiding the exchange of bishops. After the game
transposed into a rook ending, Jakovenko's technique was just flawless.} 0-1